000 00257nam a2200097Ia 4500
001 1188054
005 20250827021023.0
008 250824s9999 xx 000 0 und d
245 0 _aÇILGIN MUCİTLER KULÜBÜ
_cHARUN ÇOLAK
260 _bATLI KARINCA YAYINLARI
999 _c1188054
_d1188054